000 00561nam a2200169Ia 4500
005 20260601193254.0
008 260601s9999||||xx |||||||||||||| ||und||
020 _a978-3-031-67237-8
_qebk
100 _aManoj Chandra Garg
245 4 _aThe AI Cleanse: Transforming Wastewater Treatment Through Artificial Intelligence
250 _a2024
260 _aHeidelberg, Germany
_bSpringer Nature
_c2024
440 _aSpringer Water
650 _aComputer Science
856 _uhttps://link.springer.com/openurl?genre=book&isbn=978-3-031-67237-8
942 _cEB
_2ddc
999 _c56813
_d56813